000 00971nam a2200301Ia 4500
001 76897
003 IT-RoPAU
008 130308s9999 xx 000 0 und d
040 _aIT-RoPAU
040 _cIT-RoPAU
041 _aITALIANO
100 _aCarli Renzo
100 _gCodice Aut. SPICS: 8418
245 _aColloquio nella prospettiva psicosociale (Il)
245 _bTeoria e Prassi del Colloquio e dell'Intervista
250 _a1a ed.
260 _aROMA
260 _bLa Nuova Italia Scientifica
260 _c1989 [1° Ed.:1989 - Ed.Ling.Originale:1989]
300 _a"19 p. (prefazione: no ; testo: 19 [pagine: 55-73])"
500 _aColloquio Come Organizzazione Processo di Conoscenza nella Percezione interpersonale Colloquio Come istituzione Colloquio nell'Analisi della Domanda
650 _aPEDAGOGIA DELLA COMUNICAZIONE SOCIALE
650 _eCodice materia Spics: 3804
942 _cBK
957 _71
999 _c43981
_d43981
999 _bSI
999 _g1